Statistics for Largest European Cities by Letter - C

Click here to take the quiz!

General Stats

  • This quiz has been taken 100 times
    (9 since last reset)
  • The average score is 10 of 25

Answer Stats

Rank Population Country Hint City % Correct
11,296,000DenmarkThe Little MermaidCopenhagen
100%
31,061,000GermanyGerman: KölnCologne
100%
24155,000United KingdomUniversity cityCambridge
83%
21,192,000RussiaMeteor 2013Chelyabinsk
83%
7346,000United KingdomCapital of WalesCardiff
83%
11314,000ItalyEtnaCatania
67%
23155,000ItalyCapital of SardiniaCagliari
67%
13284,000RomaniaBiggest Romanian port on the Black SeaConstanta
67%
9325,000RomaniaThe Heart of TransylvaniaCluj-Napoca
67%
8327,000SpainWarmest summer high temperatures in EuropeCórdoba
50%
6355,000United KingdomNo other UK-City is farther away from the coastCoventry
50%
21202,000BelgiumMuseum of Fine ArtsCharleroi
50%
20215,000SpainIn antiquity known as Carthago NovaCartagena
50%
4532,000MoldovaCapitalChisinau
33%
18249,000GermanyFormerly called Karl-Marx-StadtChemnitz
17%
19228,000PolandPauline monastery of Jasna Gora (Black Madonna)Częstochowa
17%
25141,000FranceMassif CentralClermont-Ferrand
17%
10319,000RussiaSteel (Severstal)Cherepovets
0%
16266,000UkraineNear the Romanian borderChernivtsi
0%
15269,000RomaniaUniversity townCraiova
0%
14284,000UkraineLocated on the right bank of the DnieperCherkassy
0%
22181,000SpainValencian city crossed by the Prime MeridianCastellón de la Plana
0%
5481,000RussiaLocated on the right bank of the VolgaCheboksary
0%
12294,000UkraineOldest cathedral of the UkraineChernigov
0%
17254,000TurkeyEastern ThraceÇorlu
0%

Score Distribution

Percentile by Number Answered

Percent of People with Each Score

Your Score History

You have not taken this quiz since the last reset